Data management using Stata : (Record no. 19698)

MARC details
000 -LEADER
fixed length control field 01917cam a22004217i 4500
001 - CONTROL NUMBER
control field 21524309
003 - CONTROL NUMBER IDENTIFIER
control field OSt
005 - DATE AND TIME OF LATEST TRANSACTION
control field 20221025113936.0
008 - FIXED-LENGTH DATA ELEMENTS--GENERAL INFORMATION
fixed length control field 200508s2020 txua 001 0 eng c
010 ## - LIBRARY OF CONGRESS CONTROL NUMBER
LC control number 2020938361
015 ## - NATIONAL BIBLIOGRAPHY NUMBER
National bibliography number GBC071773
Source bnb
016 7# - NATIONAL BIBLIOGRAPHIC AGENCY CONTROL NUMBER
Record control number 019810656
Source Uk
020 ## - INTERNATIONAL STANDARD BOOK NUMBER
International Standard Book Number 1597183180
035 ## - SYSTEM CONTROL NUMBER
System control number (OCoLC)on1180235349
040 ## - CATALOGING SOURCE
Original cataloging agency UKMGB
Language of cataloging eng
Transcribing agency UKMGB
Description conventions rda
Modifying agency OCLCO
-- OCLCF
-- YDX
-- UKMGB
-- DGU
-- OCL
-- OCLCO
-- P4A
-- DLC
050 00 - LIBRARY OF CONGRESS CALL NUMBER
Classification number QA276.45.S73
Item number M58 2020
100 1# - MAIN ENTRY--PERSONAL NAME
Personal name Mitchell, Michael N.,
245 10 - TITLE STATEMENT
Title Data management using Stata :
Remainder of title a practical handbook /
Statement of responsibility, etc. Michael N. Mitchell.
250 ## - EDITION STATEMENT
Edition statement 2nd ed.
264 #1 - PRODUCTION, PUBLICATION, DISTRIBUTION, MANUFACTURE, AND COPYRIGHT NOTICE
Place of production, publication, distribution, manufacture College Station, Texas :
Name of producer, publisher, distributor, manufacturer Stata Press,
Date of production, publication, distribution, manufacture, or copyright notice 2020.
300 ## - PHYSICAL DESCRIPTION
Extent xvi, 512 p :
Other physical details ill ;
Dimensions 24 cm
336 ## - CONTENT TYPE
Content type term text
Content type code txt
Source rdacontent
337 ## - MEDIA TYPE
Media type term unmediated
Media type code n
Source rdamedia
338 ## - CARRIER TYPE
Carrier type term volume
Carrier type code nc
Source rdacarrier
500 ## - GENERAL NOTE
General note Previous edition: 2010.
500 ## - GENERAL NOTE
General note Includes index.
505 0# - FORMATTED CONTENTS NOTE
Formatted contents note Introduction -- Reading and importing data files -- Saving and exporting data files -- Data cleaning -- Labeling datasets -- Creating variables -- Combining datasets -- Processing observations across subgroups -- Changing the shape of your data -- Programming for data management: Part I -- Programming for data management: Part II -- Common elements.
630 00 - SUBJECT ADDED ENTRY--UNIFORM TITLE
Uniform title Stata
Form subdivision Handbooks, manuals, etc.
630 07 - SUBJECT ADDED ENTRY--UNIFORM TITLE
Uniform title Stata.
Source of heading or term fast
Authority record control number (OCoLC)fst01375322
650 #0 - SUBJECT ADDED ENTRY--TOPICAL TERM
Topical term or geographic name as entry element Statistics
General subdivision Data processing
Form subdivision Handbooks, manuals, etc.
650 #0 - SUBJECT ADDED ENTRY--TOPICAL TERM
Topical term or geographic name as entry element Data editing
Form subdivision Handbooks, manuals, etc.
650 #7 - SUBJECT ADDED ENTRY--TOPICAL TERM
Topical term or geographic name as entry element Data editing.
Source of heading or term fast
Authority record control number (OCoLC)fst00887933
650 #7 - SUBJECT ADDED ENTRY--TOPICAL TERM
Topical term or geographic name as entry element Statistics
General subdivision Data processing.
Source of heading or term fast
Authority record control number (OCoLC)fst01132113
655 #7 - INDEX TERM--GENRE/FORM
Genre/form data or focus term Handbooks and manuals.
Source of term fast
Authority record control number (OCoLC)fst01423877
906 ## - LOCAL DATA ELEMENT F, LDF (RLIN)
a 7
b cbc
c pccadap
d 2
e ncip
f 20
g y-gencatlg
942 ## - ADDED ENTRY ELEMENTS (KOHA)
Source of classification or shelving scheme Library of Congress Classification
Koha item type General Collection
Holdings
Withdrawn status Lost status Source of classification or shelving scheme Not for loan Home library Current library Date acquired Total Checkouts Full call number Barcode Date last seen Price effective from Koha item type
    Library of Congress Classification   Kabarak, Main Campus Kabarak, Main Campus 25/10/2022   QA276.45.S73 M58 2020 c.1 032424 25/10/2022 25/10/2022 General Collection
Designed with assistance from East African Informatics Ltd